Применение переменного импульсного тока для синтеза Pd/C композиционных материалов; Функциональные материалы: разработка, исследование, применение

التفاصيل البيبلوغرافية
Parent link:Функциональные материалы: разработка, исследование, применение.— 2018.— [С. 36]
المؤلف الرئيسي: Фаддеев Н. А.
مؤلف مشترك: Южно-Российский государственный политехнический университет (НПИ)
مؤلفون آخرون: Смирнова Н. В. (научный руководитель)
الملخص:Заглавие с экрана
اللغة:الروسية
منشور في: 2018
سلاسل:Методы исследования и изготовления функциональных материалов
الموضوعات:
الوصول للمادة أونلاين:http://earchive.tpu.ru/handle/11683/50386
التنسيق: الكتروني فصل الكتاب
KOHA link:https://koha.lib.tpu.ru/cgi-bin/koha/opac-detail.pl?biblionumber=627302

MARC

LEADER 00000naa2a2200000 4500
001 627302
005 20231102024251.0
035 |a (RuTPU)RU\TPU\conf\27080 
035 |a RU\TPU\conf\27079 
090 |a 627302 
100 |a 20180828d2018 k y0rusy50 ca 
101 0 |a rus 
102 |a RU 
105 |a y z 101zy 
135 |a drgn ---uucaa 
181 0 |a i  
182 0 |a b 
200 1 |a Применение переменного импульсного тока для синтеза Pd/C композиционных материалов  |f Н. А. Фаддеев  |g науч. рук. Н. В. Смирнова 
203 |a Текст  |c электронный 
225 1 |a Методы исследования и изготовления функциональных материалов 
230 |a 1 компьютерный файл (pdf; 206 Kb) 
300 |a Заглавие с экрана 
320 |a [Библиогр.: с. 36 (2 назв.)] 
463 0 |0 (RuTPU)RU\TPU\conf\26927  |t Функциональные материалы: разработка, исследование, применение  |o сборник тезисов докладов V Всероссийского конкурса научных докладов студентов, г. Томск, г. Тамбов, 22-23 мая 2018 г.  |f Национальный исследовательский Томский политехнический университет (ТПУ) ; Национальный исследовательский Томский государственный университет (ТГУ) ; Тамбовский государственный университет имени Г. Р. Державина ; ред. кол. А. Ю. Годымчук, Н. И. Каракчеева, А. А. Гусев  |v [С. 36]  |d 2018 
610 1 |a электронный ресурс 
610 1 |a импульсный ток 
610 1 |a синтез 
610 1 |a композиционные материалы 
610 1 |a катализаторы 
610 1 |a топливные элементы 
610 1 |a электролиты 
610 1 |a рентгеноструктурные исследования 
700 1 |a Фаддеев  |b Н. А. 
702 1 |a Смирнова  |b Н. В.  |4 727 
712 0 2 |a Южно-Российский государственный политехнический университет (НПИ)  |c (2013- )  |c (Новочеркасск)  |2 stltpush  |3 (RuTPU)RU\TPU\col\23278  |9 28289 
801 2 |a RU  |b 63413507  |c 20180904  |g RCR 
856 4 |u http://earchive.tpu.ru/handle/11683/50386 
942 |c BK